书目信息 |
| 题名: |
计算机系统基础
|
|
| 作者: | 袁春风 , 余子濠 编著 | |
| 分册: | ||
| 出版信息: | 北京 机械工业出版社 2018.07 |
|
| 页数: | 20, 413页 | |
| 开本: | 26cm | |
| 丛书名: | ||
| 单 册: | ||
| 中图分类: | TP303 | |
| 科图分类: | ||
| 主题词: | 计算机系统--ji suan ji xi tong--高等学校--教材 | |
| 电子资源: | ||
| ISBN: | 978-7-111-60489-1 | |
| 000 | 01107nam0 2200277 450 | |
| 001 | 0106081924 | |
| 005 | 20201109093609.23 | |
| 010 | @a978-7-111-60489-1@dCNY59.00 | |
| 100 | @a20181114e20202018em y0chiy50 ea | |
| 101 | 0 | @achi |
| 102 | @aCN@b110000 | |
| 105 | @aa z 000yy | |
| 106 | @ar | |
| 200 | 1 | @a计算机系统基础@Aji suan ji xi tong ji chu@dIntroduction to computer systems@f袁春风, 余子濠编著@zeng |
| 205 | @a2版 | |
| 210 | @a北京@c机械工业出版社@d2018.07@h2020.04 | |
| 215 | @a20, 413页@c图@d26cm | |
| 300 | @a计算机类专业系统能力培养系列教材 | |
| 330 | @a本书主要介绍与计算机系统相关的核心概念,解释这些概念如何相互关联并终影响程序执行的结果和性能。主要内容包括数据的表示和运算、程序的转换及机器级表示、程序的链接、程序的执行、存储器层次结构、虚拟存储器、异常控制流和I/O操作的实现等。 | |
| 510 | 1 | @aIntroduction to computer systems@zeng |
| 606 | 0 | @a计算机系统@Aji suan ji xi tong@x高等学校@j教材 |
| 690 | @aTP303@v5 | |
| 701 | 0 | @a袁春风@Ayuan chun feng@c(女)@4编著 |
| 701 | 0 | @a余子濠@Ayu zi hao@4编著 |
| 801 | 0 | @aCN@bBJSZM@c20201106 |
| 905 | @b1194860-3@dTP303@e1132=2@f4 | |
| 计算机系统基础=Introduction to computer systems/袁春风, 余子濠编著.-2版.-北京:机械工业出版社,2018.07(2020.04) |
| 20, 413页:图;26cm |
| 计算机类专业系统能力培养系列教材 |
| ISBN 978-7-111-60489-1:CNY59.00 |
| 本书主要介绍与计算机系统相关的核心概念,解释这些概念如何相互关联并终影响程序执行的结果和性能。主要内容包括数据的表示和运算、程序的转换及机器级表示、程序的链接、程序的执行、存储器层次结构、虚拟存储器、异常控制流和I/O操作的实现等。 |
| ● |
| 相关链接 |
|
|
|
|
正题名:计算机系统基础
索取号:TP303/1132=2
 
预约/预借
| 序号 | 登录号 | 条形码 | 馆藏地/架位号 | 状态 | 备注 |
| 1 | 1194860 | 211948605 | 第二样本阅览室/ [索取号:TP303/1132=2] | 在馆 | |
| 2 | 1194861 | 211948614 | 第三借阅区/ [索取号:TP303/1132=2] | 在馆 | |
| 3 | 1194862 | 211948623 | 第三借阅区/ [索取号:TP303/1132=2] | 在馆 | |
| 4 | 1194863 | 211948632 | 第三借阅区/ [索取号:TP303/1132=2] | 在馆 |